Une methode de systeme integre de prevision pour un office national de tourisme

Αποθηκεύτηκε σε:
Λεπτομέρειες βιβλιογραφικής εγγραφής
Κύριος συγγραφέας: Taylor, Gordon G.
Άλλοι συγγραφείς: Doctoroff, Mark
Μορφή: Βιβλίο
Γλώσσα:French
Δημοσίευση: Paris : Centre des hautes etudes touristiques, 1976
Σειρά:Cahiers du tourisme. Serie C ; ; No 32
Θέματα:
Ετικέτες: Προσθήκη ετικέτας
Δεν υπάρχουν, Καταχωρήστε ετικέτα πρώτοι!

MARC

LEADER 00000nam a2200000 i 4500
001 1/19493
008 960627s1976 fre d
035 |l 10021295 
040 |a GR-MY-UA  |b gre  |e aacr 
041 0 |a fre 
082 0 |a 338.4791 
100 1 |a Taylor, Gordon G. 
245 1 4 |a Une methode de systeme integre de prevision pour un office national de tourisme /  |c Gordon G.Taylor, Mark Doctoroff 
260 |a Paris :   |b Centre des hautes etudes touristiques,   |c 1976 
300 |a 42 p. 
490 1 |a Cahiers du tourisme. Serie C  |v ; 32 
500 |a Includes bibliography 
650 0 0 |a Tourism. 
700 1 |a Doctoroff, Mark. 
830 0 |a Cahiers du tourisme. Serie C ;  |v ; No 32 
852 |a INST  |b CHIOS  |e 19960627  |h 338.4791 TAY  |p 005200007457  |q 005200007457  |t BK  |y 0 
909 |a Χ  |b 032140